00461cam a2200157ua 4500001000400000008003900004040000900043082001100052245007000063250000900133260003500142300002300177653002200200653005000222700003100272419110331n ii |||gr||||Z||||||eng cMAIN a327.111 aTheoritical aspects of international politics cby Mahendra Kumar a6th. aAgra:bShiva lal agarwala,984. axvi, 496p.:c25cm. aPolitical science aTheoritical aspects of international politics aKumar, Mahendra.,eAuthor.